|
|
|
|
| LEADER |
00000naa2a2200000 4500 |
| 001 |
622515 |
| 005 |
20231101133221.0 |
| 035 |
|
|
|a (RuTPU)RU\TPU\conf\21284
|
| 035 |
|
|
|a RU\TPU\conf\21283
|
| 090 |
|
|
|a 622515
|
| 100 |
|
|
|a 20170522d2017 k y0rusy50 ca
|
| 101 |
0 |
|
|a rus
|
| 102 |
|
|
|a RU
|
| 105 |
|
|
|a y z 101zy
|
| 135 |
|
|
|a drcn ---uucaa
|
| 181 |
|
0 |
|a i
|
| 182 |
|
0 |
|a b
|
| 200 |
1 |
|
|a Реакция российских потребителей на колебания курса доллара США
|f И. А. Семеренко
|g науч. рук. И. С. Соловенко
|
| 203 |
|
|
|a Текст
|c электронный
|
| 225 |
1 |
|
|a Информационные технологии, экономика, управление
|
| 230 |
|
|
|a 1 компьютерный файл (pdf; 122 Kb)
|
| 300 |
|
|
|a Заглавие с экрана
|
| 320 |
|
|
|a [Библиогр.: с. 99-100 (6 назв.)]
|
| 330 |
|
|
|a В статье рассмотрена степень зависимости национальной валюты от изменения американского доллара. Особое внимание уделяется изменению реального дохода населения в 2016г. по сравнению с 2015г. Сделан вывод об отношении российских потребителей и их покупательской способности на колебания курса валют.
|
| 463 |
|
0 |
|0 (RuTPU)RU\TPU\conf\21267
|t Прогрессивные технологии и экономика в машиностроении
|o сборник трудов VIII Всероссийской научно-практической конференции для студентов и учащейся молодежи, 6-8 апреля 2017 г., Юрга
|f Национальный исследовательский Томский политехнический университет (ТПУ), Юргинский технологический институт (ЮТИ) ; под ред. Д. А. Чинахова
|v [С. 98-100]
|d 2017
|
| 610 |
1 |
|
|a труды учёных ТПУ
|
| 610 |
1 |
|
|a электронный ресурс
|
| 610 |
1 |
|
|a инфляционные процессы
|
| 610 |
1 |
|
|a доходы
|
| 610 |
1 |
|
|a конкурентоспособность
|
| 610 |
1 |
|
|a национальная промышленность
|
| 610 |
1 |
|
|a курсы валют
|
| 700 |
|
1 |
|a Семеренко
|b И. А.
|
| 702 |
|
1 |
|a Соловенко
|b И. С.
|c историк, экономист
|c доцент Юргинского технологического института (филиала) Томского политехнического университета
|f 1971-
|g Игорь Сергеевич
|2 stltpush
|4 727
|
| 712 |
0 |
2 |
|a Национальный исследовательский Томский политехнический университет (ТПУ)
|b Юргинский технологический институт (филиал) (ЮТИ)
|b Кафедра экономики и автоматизированных систем управления (ЭАСУ)
|h 360
|2 stltpush
|3 (RuTPU)RU\TPU\col\18900
|
| 801 |
|
2 |
|a RU
|b 63413507
|c 20170525
|g RCR
|
| 856 |
4 |
|
|u http://earchive.tpu.ru/handle/11683/38458
|
| 942 |
|
|
|c BK
|